Informe de actividades del PESICRE y otras bases de datos de la Secretaría Permanente
Guardat en:
| Autor corporatiu: | |
|---|---|
| Format: | Text |
| Publicat: |
Caracas:
SELA
|
| Etiquetes: |
Afegir etiqueta
Sense etiquetes, Sigues el primer a etiquetar aquest registre!
|
MARC
| LEADER | 00000 a a2200000 04500 | ||
|---|---|---|---|
| 001 | 24184 | ||
| 003 | |||
| 040 | |||
| 090 | |a 177200 | ||
| 110 | |a SELA. Secretaría Permanente | ||
| 245 | |a Informe de actividades del PESICRE y otras bases de datos de la Secretaría Permanente | ||
| 260 | |a Caracas: |b SELA | ||
| 300 | |a 17 p. | ||
| 999 | |c 15266 |d 15266 | ||
